Models in spatial analysis

সংরক্ষণ করুন:
গ্রন্থ-পঞ্জীর বিবরন
প্রধান লেখক: Sanders, Lena (Author)
বিন্যাস: গ্রন্থ
ভাষা:ইংরেজি
প্রকাশিত: Londres ISTE 2007
সংস্করন:1a. ed
বিষয়গুলি:
ট্যাগগুলো: ট্যাগ যুক্ত করুন
কোনো ট্যাগ নেই, প্রথমজন হিসাবে ট্যাগ করুন!

MARC

LEADER 00000cam a2200000 a 4500
001 UCF7663
003 CL-VaPUC
008 130704e20070000UK |||||||||||||||||eng|d
020 |a 9781905209095 
082 0 4 |a 910.015  |b SAN  |2 21 
100 0 |a Sanders, Lena  |e author  |9 569749 
245 1 0 |a Models in spatial analysis 
250 |a 1a. ed 
300 |a 319 p 
942 |c BK 
945 |d 20130704 00:00:00  |a cmena 
260 |a Londres  |b ISTE  |c 2007 
650 0 |a Geografía  |9 259346 
650 0 |a Modelos matemáticos   |9 259437 
650 0 |a Análisis espacial   |9 270828 
650 0 |a Estadística matemática  |9 260028 
583 |a last modification  |c 20130704 11:43:00  |k Rodrigo Vera 
999 |c 352467  |d 352465 
952 |0 0  |1 0  |4 0  |6 910_015000000000000_SAN_2007  |7 0  |8 A  |9 457004  |a BIBING  |b BIBING  |d 2019-11-22  |i 4983181  |o 910.015 SAN 2007  |p 4983181  |r 2025-01-20  |w 2019-11-22  |y BK  |k GEO